| 000 | 01358nam a22003735a 4500 | ||
|---|---|---|---|
| 003 | EG-ScBUE | ||
| 005 | 20220803103232.0 | ||
| 006 | m||||fq||h 00| 0 | ||
| 008 | 151019r20172013enka f 000 0 eng d | ||
| 020 | _a9780194741934 (Teacher's Guide) | ||
| 020 | _a9780194741965 (Tests CD-ROM) | ||
| 040 |
_aEG-ScBUE _beng _erda _cEG-ScBUE _dEG-ScBUE |
||
| 082 | 0 | 4 |
_a428.24 _bPHI _222 |
| 100 | 1 |
_aPhilpot, Sarah, _eauthor. _930903 |
|
| 245 | 1 | 0 |
_aAcademic skills : _blistening, speaking and study skills. _nintroductory level, _pTeacher's guide / _cSarah Philpot and Lesley Curnick. |
| 246 | 3 |
_ipage 4 of cover : _aHeadway academic skills |
|
| 246 | 3 | 0 | _aTeacher's guide |
| 250 | _aReprinted edition. | ||
| 264 | 1 |
_aOxford, United Kingdom : _bOxford University Press, _c2017. |
|
| 300 |
_a80 pages : _billustrations ; _c28 cm + _e1 CD |
||
| 336 |
_2rdacontent _atext _btxt |
||
| 336 |
_2rdacontent _asounds _bsnd |
||
| 337 |
_2rdamedia _aunmediated _bn |
||
| 337 |
_2rdamedia _aaudio _bs |
||
| 338 |
_2rdacarrier _avolume _bnc |
||
| 338 |
_2rdacarrier _acomputer disc _bcd |
||
| 490 | 0 | _aNew headway | |
| 650 | 7 |
_aEnglish language _xStudy and teaching (Higher) _xForeign speakers. _2BUEsh |
|
| 651 | _2BUEsh | ||
| 653 |
_cOctober2015 _bHHUUEENN |
||
| 655 |
_vReading book _934232 |
||
| 700 | 1 |
_aCurnick, Lesley, _eauthor. _919904 |
|
| 942 |
_2ddc _k428.24 PHI _cTR |
||
| 999 |
_c20934 _d20906 |
||